[Event "GER-ch Blitz (Women)"]
[Site "Viernheim"]
[Date "2023.07.15"]
[Round "21"]
[White "Novikova, Margarita"]
[Black "Ley, Sabrina"]
[Result "1-0"]
[WhiteElo "1995"]
[BlackElo "1838"]
[PlyCount "27"]
[EventDate "2023.07.15"]
[EventType "tourn (blitz)"]
[EventRounds "27"]
[EventCountry "GER"]
[SourceTitle "CBM 215 Extra"]
[Source "ChessBase"]
[SourceDate "2023.09.30"]
[SourceVersion "1"]
[SourceVersionDate "2023.09.30"]
[SourceQuality "1"]

1. e4 d5 2. exd5 Qxd5 3. Nc3 Qd6 4. d4 Nf6 5. Nf3 a6 6. Ne5 c5 7. Bc4 e6 8. Nf3 b5 9. Be2 Bb7 10. Be3 Nbd7 11. 0-0 Rc8 12. Qd2 b4 13. Nb1 Ne4 14. Qc1 1-0

[Event "GER-chT U20 Girls"]
[Site "Willingen"]
[Date "2021.06.26"]
[Round "5.6"]
[White "Sickmann, Lisa"]
[Black "Ley, Sabrina"]
[Result "0-1"]
[WhiteElo "1510"]
[BlackElo "1866"]
[PlyCount "72"]
[EventDate "2021.06.23"]
[EventType "team-swiss"]
[EventRounds "7"]
[EventCountry "GER"]
[SourceTitle "CBM 203 Extra"]
[Source "ChessBase"]
[SourceDate "2021.09.30"]
[SourceVersion "1"]
[SourceVersionDate "2021.09.30"]
[SourceQuality "1"]
[WhiteTeam "Luebeck"]
[BlackTeam "Landskrone"]
[WhiteTeamCountry "GER"]
[BlackTeamCountry "GER"]

1. e4 d6 2. d4 g6 3. f4 Bg7 4. Nf3 a6 5. Nc3 b5 6. a3 Bb7 7. Be2 Nd7 8. 0-0 e6 9. Be3 Ne7 10. Qd2 0-0 11. b4 c5 12. dxc5 dxc5 13. Rad1 Bc6 14. Bxc5 Nxc5 15. bxc5 Qxd2 16. Rxd2 Bxc3 17. Rd3 Bg7 18. e5 Nd5 19. Nd4 Rac8 20. g3 Ba8 21. Nb3 Rfd8 22. Bf3 Bf8 23. Kf2 Bxc5+ 24. Nxc5 Rxc5 25. Rc1 Rdc8 26. Rd2 Rc3 27. Be4 Rxa3 28. Bxd5 Bxd5 29. Ke2 a5 30. Rd4 Rc4 31. Rd2 b4 32. Rb1 Rac3 33. Rb2 a4 34. Kd1 a3 35. Rb1 Bf3+ 36. Kc1 b3 0-1

[Event "GER-chT U20 Girls"]
[Site "Osnabrueck"]
[Date "2018.12.29"]
[Round "5.2"]
[White "Ley, Sabrina"]
[Black "Muedder, Melanie"]
[Result "0-1"]
[WhiteElo "1829"]
[BlackElo "1863"]
[PlyCount "96"]
[EventDate "2018.12.27"]
[EventType "team-swiss"]
[EventRounds "7"]
[EventCountry "GER"]
[SourceTitle "CBM 188 Extra"]
[Source "ChessBase"]
[SourceDate "2019.02.26"]
[SourceVersion "1"]
[SourceVersionDate "2019.02.26"]
[SourceQuality "1"]
[WhiteTeam "Stuttgart Wolfbusch"]
[BlackTeam "Solingen SG"]
[WhiteTeamCountry "GER"]
[BlackTeamCountry "GER"]

1. c4 e5 2. Nc3 Nc6 3. g3 Bc5 4. Bg2 a6 5. e3 d6 6. Nge2 Ba7 7. b3 Nf6 8. d4 0-0 9. Bb2 Bg4 10. h3 Bf5 11. d5 Ne7 12. Qd2 Qe8 13. g4 Bg6 14. 0-0-0 b5 15. cxb5 axb5 16. Ng3 b4 17. Na4 c6 18. f4 Nfxd5 19. Rhe1 f6 20. f5 Bf7 21. Kb1 Qd8 22. Bf1 Qc7 23. e4 Nf4 24. Nh5 Nxh5 25. gxh5 Bxh5 26. Qxd6 Qxd6 27. Rxd6 Rfd8 28. Rxd8+ Rxd8 29. Bc1 Kf8 30. Kc2 Bf2 31. Re2 Bxe2 32. Bxe2 Bd4 33. Nb2 Bxb2 34. Bxb2 g6 35. fxg6 Nxg6 36. Bc1 Ra8 37. Kb2 Nf4 38. Bf1 Kf7 39. Be3 Rd8 40. Kc2 Ra8 41. Kb2 Kg6 42. Bc5 Rb8 43. Bd6 Rb7 44. Ba6 Rb6 45. Bc8 Kg5 46. Be7 c5 47. Bf5 h5 48. Bxc5 Nd3+ 0-1

[Event "SVR-ch MT-B"]
[Site "Hennweiler"]
[Date "2018.03.30"]
[Round "6"]
[White "Ley, Sabrina"]
[Black "Toth, Laszlo2222"]
[Result "0-1"]
[WhiteElo "1849"]
[BlackElo "1983"]
[PlyCount "60"]
[EventDate "2018.03.24"]
[EventType "tourn"]
[EventRounds "7"]
[EventCountry "GER"]
[SourceTitle "EXT 2020"]
[Source "ChessBase"]
[SourceDate "2019.10.17"]
[SourceVersion "1"]
[SourceVersionDate "2019.10.17"]
[SourceQuality "1"]

1. e4 Nc6 2. d4 e5 3. d5 Nce7 4. c4 Ng6 5. Nc3 Bb4 6. Qb3 Bxc3+ 7. Qxc3 Nf6 8. f3 d6 9. Be3 0-0 10. g3 h5 11. Bd3 c6 12. 0-0-0 cxd5 13. cxd5 Bd7 14. Kb1 b5 15. h3 a5 16. f4 exf4 17. gxf4 Re8 18. Qc2 Qc8 19. Qg2 Nxd5 20. Bd4 Ndxf4 21. Qf3 Nxd3 22. Rxd3 Bc6 23. Re3 Qb7 24. Qe2 Rxe4 25. Rh2 Rxe3 26. Qxh5 Be4+ 27. Kc1 Rc8+ 28. Kd1 Qc7 29. Ne2 Rxe2 30. Qxb5 Qc2# 0-1

[Event "SVR-ch MT-B"]
[Site "Hennweiler"]
[Date "2018.03.29"]
[Round "4"]
[White "Ley, Sabrina"]
[Black "Zirwes, Hans Juergen"]
[Result "1/2-1/2"]
[WhiteElo "1849"]
[BlackElo "1871"]
[PlyCount "93"]
[EventDate "2018.03.24"]
[EventType "tourn"]
[EventRounds "7"]
[EventCountry "GER"]
[SourceTitle "EXT 2020"]
[Source "ChessBase"]
[SourceDate "2019.10.17"]
[SourceVersion "1"]
[SourceVersionDate "2019.10.17"]
[SourceQuality "1"]

1. e4 c5 2. Nf3 Nc6 3. g3 g6 4. d4 cxd4 5. Nxd4 Bg7 6. Be3 e6 7. Nc3 a6 8. Bg2 h5 9. Qd2 Ne5 10. 0-0-0 Nc4 11. Qe2 Nxe3 12. Qxe3 Qc7 13. Kb1 Rb8 14. f4 Ne7 15. f5 e5 16. Nf3 Bh6 17. Qd3 gxf5 18. exf5 f6 19. Nh4 Bg7 20. Bf3 b5 21. Qe2 b4 22. Bxh5+ Kd8 23. Ne4 d5 24. Ng6 Bxf5 25. Nxh8 Bxh8 26. Rhf1 d4 27. g4 Be6 28. Qxa6 Bc4 29. Qd6+ Qxd6 30. Nxd6 Bxf1 31. Rxf1 Nd5 32. Nf5 Kd7 33. Bf7 Ne7 34. Nxe7 Kxe7 35. Bc4 Bg7 36. Rf3 Rh8 37. h3 Bh6 38. Bd3 Bd2 39. Bf5 Kd6 40. Be4 Bg5 41. a3 bxa3 42. Rxa3 Be3 43. Ra6+ Ke7 44. Ra7+ Kd6 45. Ra6+ Ke7 46. Ra7+ Kd6 47. Ra6+ 1/2-1/2

[Event "Pfalz op-B 9th"]
[Site "Neustadt an der Weinstrasse"]
[Date "2018.02.11"]
[Round "5"]
[White "Ley, Sabrina"]
[Black "Ziegenfuss, Antonia"]
[Result "0-1"]
[WhiteElo "1853"]
[BlackElo "1815"]
[PlyCount "80"]
[EventDate "2018.02.09"]
[EventType "swiss"]
[EventRounds "7"]
[EventCountry "GER"]
[SourceTitle "CBM 182 Extra"]
[Source "ChessBase"]
[SourceDate "2018.02.23"]
[SourceVersion "1"]
[SourceVersionDate "2018.02.23"]
[SourceQuality "1"]

1. e4 c5 2. Nc3 e6 3. Bc4 a6 4. a4 b6 5. d3 Bb7 6. f4 Nf6 7. Ba2 d5 8. Qe2 dxe4 9. dxe4 Nc6 10. Nf3 Nd4 11. Nxd4 cxd4 12. Nd1 Bxe4 13. Bc4 Bb4+ 14. Bd2 Bxd2+ 15. Qxd2 0-0 16. 0-0 Rc8 17. Bb3 Qd7 18. Nf2 Bb7 19. Rad1 Rfd8 20. Rfe1 Qc6 21. Nd3 Ne4 22. Qe2 Nc5 23. Ne5 Qc7 24. Ba2 Bd5 25. Bxd5 Rxd5 26. b3 a5 27. Qf2 f6 28. Nc4 d3 29. Qf3 Rcd8 30. cxd3 Rxd3 31. Rxd3 Rxd3 32. Re3 Rd4 33. g3 Nxb3 34. Rxb3 Rxc4 35. Rb2 Rxa4 36. Re2 Qc5+ 37. Rf2 Ra2 38. Qa8+ Kf7 39. Qb7+ Kg6 40. f5+ exf5 0-1

[Event "Pfalz op-B 9th"]
[Site "Neustadt an der Weinstrasse"]
[Date "2018.02.11"]
[Round "4"]
[White "Wastian, Hans Georg"]
[Black "Ley, Sabrina"]
[Result "0-1"]
[WhiteElo "1805"]
[BlackElo "1853"]
[PlyCount "84"]
[EventDate "2018.02.09"]
[EventType "swiss"]
[EventRounds "7"]
[EventCountry "GER"]
[SourceTitle "CBM 182 Extra"]
[Source "ChessBase"]
[SourceDate "2018.02.23"]
[SourceVersion "1"]
[SourceVersionDate "2018.02.23"]
[SourceQuality "1"]

1. d4 d5 2. c4 dxc4 3. Nf3 Nf6 4. e3 a6 5. Bxc4 e6 6. 0-0 b5 7. Bd3 Bb7 8. a4 b4 9. Nbd2 Nbd7 10. Nb3 c5 11. Qe2 cxd4 12. exd4 Be7 13. Bg5 0-0 14. Rfe1 Nd5 15. Qe4 g6 16. Bh6 Re8 17. Ne5 Bf6 18. Qf3 Rb8 19. Nxd7 Qxd7 20. Nc5 Qe7 21. Bxa6 Bxa6 22. Nxa6 Ra8 23. Qd3 Red8 24. Nc5 Nc7 25. Be3 Qxc5 26. Rec1 Qd6 27. Qc4 Nd5 28. a5 Nxe3 29. fxe3 Ra6 30. Ra4 Be7 31. Qb5 Rda8 32. Qb7 R8a7 33. Rc8+ Kg7 34. Qb5 Ra8 35. Rc4 Qd8 36. Qe5+ Kg8 37. Qb5 Rxa5 38. Rxa5 Rxa5 39. Qb7 Ra1+ 40. Kf2 Kg7 41. Rc7 Bh4+ 42. Ke2 Qf6 0-1